|
|
|
|
| LEADER |
00000naa0a2200000 4500 |
| 001 |
651367 |
| 005 |
20250827160504.0 |
| 035 |
|
|
|a (RuTPU)RU\TPU\network\16616
|
| 090 |
|
|
|a 651367
|
| 100 |
|
|
|a 20161110d2016 k||y0rusy50 ca
|
| 101 |
0 |
|
|a rus
|
| 102 |
|
|
|a RU
|
| 135 |
|
|
|a drcn ---uucaa
|
| 181 |
|
0 |
|a i
|
| 182 |
|
0 |
|a b
|
| 200 |
1 |
|
|a Способы получения 6-азолил-4-бром-2,1,3-бензоксадиазолов и их химические свойства
|f А. С. Кузнецова, А. С. Потапов, Л. М. Горностаев
|
| 203 |
|
|
|a Текст
|c электронный
|
| 225 |
1 |
|
|a Успехи химии гетероциклических соединений
|
| 300 |
|
|
|a Заглавие с экрана
|
| 463 |
|
1 |
|t ОргХим-2016
|o тезисы докладов Кластера конференций по органической химии, г. Санкт-Петербург (пос. Репино), 27 июля - 1 июля 2016 г.
|f Инновационный евразийский университет (ИнЕУ)
|v [С. 368]
|d 2016
|
| 610 |
1 |
|
|a электронный ресурс
|
| 610 |
1 |
|
|a труды учёных ТПУ
|
| 610 |
1 |
|
|a бензоксазолы
|
| 610 |
1 |
|
|a химические свойства
|
| 700 |
|
1 |
|a Кузнецова
|b А. С.
|c химик-органик
|c инженер-исследователь Томского политехнического университета
|f 1988-
|g Анастасия Сергеевна
|3 (RuTPU)RU\TPU\pers\36265
|9 19341
|
| 701 |
|
1 |
|a Потапов
|b А. С.
|c химик
|c профессор Томского политехнического университета, доктор химических наук
|f 1981-
|g Андрей Сергеевич
|3 (RuTPU)RU\TPU\pers\33902
|
| 701 |
|
1 |
|a Горностаев
|b Л. М.
|
| 712 |
0 |
2 |
|a Национальный исследовательский Томский политехнический университет (ТПУ)
|b Институт физики высоких технологий (ИФВТ)
|b Кафедра биотехнологии и органической химии (БИОХ)
|3 (RuTPU)RU\TPU\col\18693
|
| 801 |
|
2 |
|a RU
|b 63413507
|c 20170123
|g RCR
|
| 856 |
4 |
|
|u http://onlinereg.ru/orgchem2016/orgchem2016.pdf#page=368
|
| 942 |
|
|
|c CF
|